000 00495nam a2200181Ia 4500
003 GCL
008 140319s9999 xx 000 0 ara d
040 _aGCL /
_cGCL
082 0 4 _aكاسيت ق
_b57
100 1 _aعلى حسن
245 1 0 _aسورة يونس (باقى) هود /
_cعلى حسن
700 1 _aعلى حسن السويسى
260 _a[S.N] :
_bلا يوجد
490 _a
650 0 4 _aشرائط كاسيت
650 0 4 _aشرائط قران كريم
942 _2ddc
_cBK
999 _c34246
_d34246